000 00246nam a2200097Ia 4500
005 20251222154334.0
008 251222s9999||||xx |||||||||||||| ||spa||
082 _aREF.985.008/C76/T.XXV/V.II
245 0 _aEl teatro en la independencia
942 _cLIB
999 _c34282
_d34282